Responsiveness of investment and other expenditure of changes in techniques of monetary control in India, 1950-51 to 1977-78 (Record no. 19278)

MARC details
000 -LEADER
fixed length control field 00590nam a2200181Ia 4500
082 ## - DEWEY DECIMAL CLASSIFICATION NUMBER
Classification number RB.0066
100 ## - MAIN ENTRY--AUTHOR NAME
Personal name Bhole, L.M.
245 #0 - TITLE STATEMENT
Title Responsiveness of investment and other expenditure of changes in techniques of monetary control in India, 1950-51 to 1977-78
260 ## - PUBLICATION, DISTRIBUTION, ETC. (IMPRINT)
Year of publication 1983
Name of publisher ICSSR, New Delhi
300 ## - PHYSICAL DESCRIPTION
Number of Pages 408p.
650 ## - SUBJECT ADDED ENTRY--TOPICAL TERM
Topical Term BANK INVESTMENTS - INDIA
650 ## - SUBJECT ADDED ENTRY--TOPICAL TERM
Topical Term INVESTMENT BANKING - INDIA
650 ## - SUBJECT ADDED ENTRY--TOPICAL TERM
Topical Term INVESTMENTS - INDIA
650 ## - SUBJECT ADDED ENTRY--TOPICAL TERM
Topical Term MONETARY POLICY - INDIA
650 ## - SUBJECT ADDED ENTRY--TOPICAL TERM
Topical Term CREDIT MANAGEMENT - INDIA
710 ## - ADDED ENTRY--CORPORATE NAME
Corporate name or jurisdiction name as entry element Indian Institute of Technology, Bombay
942 ## - ADDED ENTRY ELEMENTS (KOHA)
Koha item type Research Reports
Source of classification or shelving scheme Dewey Decimal Classification
Holdings
Withdrawn status Lost status Damaged status Not for loan Collection code Home library Current library Date acquired Bill Date Full call number Accession Number Price effective from Koha item type
      Not For Loan Minor Research project Reports NASSDOC Library NASSDOC Library 08/10/2004 2004-10-22 RB.0066 16627 18/04/2019 Research Reports